[Event "Chigorin Memorial Open"]
[Site "St Petersburg RUS"]
[Date "2011.10.15"]
[Round "2.41"]
[White "Onischuk, Vladimir"]
[Black "Solovyov, Viktor"]
[Result "1-0"]
[WhiteTitle "IM"]
[WhiteElo "2483"]
[BlackElo "2312"]
[WhiteFideId "14114038"]
[BlackFideId "4102754"]
[EventDate "2011.10.14"]

1. e4 c5 2. Nf3 e6 3. Nc3 a6 4. d4 cxd4 5. Nxd4 b5 6. Bd3 Qb6 7. Be3 Bc5 8. Be2
Nc6 9. Nxc6 dxc6 10. Bxc5 Qxc5 11. Qd3 Nf6 12. f4 e5 13. f5 a5 14. g4 a4 15. g5
Nd7 16. a3 O-O 17. Na2 Qd4 18. Qxd4 exd4 19. O-O-O c5 20. c3 Bb7 21. Bxb5 Ne5
22. cxd4 cxd4 23. Rxd4 Rfc8+ 24. Nc3 Nf3 25. Rxa4 Rxa4 26. Bxa4 Bxe4 27. Bd7 Rc7
28. Rd1 h6 29. gxh6 gxh6 30. Rd6 Nxh2 31. Rxh6 Ng4 32. Rh4 Nf6 33. Bb5 Bxf5 34.
Rf4 Rc5 35. a4 Kg7 36. Kd2 Kg6 37. Bd3 Bxd3 38. Kxd3 Nd7 39. b4 Rc8 40. a5 f5
41. Rd4 Ne5+ 42. Kc2 Ra8 43. Kb3 Kg5 44. Rd5 Nc6 45. Rc5 Nd4+ 46. Ka4 Ne6 47.
Rc6 Nd8 48. Rd6 f4 49. a6 f3 50. b5 Kf5 51. Nd1 Nf7 52. Rc6 Rd8 53. Ne3+ Ke4 54.
Ng4 Rd2 55. Ka5 Nd6 56. Rxd6 Rxd6 57. a7 Rd8 58. b6 Kf4 59. Nh2 1-0

[Event "Chigorin Memorial Open"]
[Site "St Petersburg RUS"]
[Date "2011.10.15"]
[Round "2.43"]
[White "Rozum, Ivan"]
[Black "Pavlov, Aleksandr"]
[Result "0-1"]
[WhiteTitle "IM"]
[WhiteElo "2481"]
[BlackElo "2303"]
[WhiteFideId "24104272"]
[BlackFideId "4119924"]
[EventDate "2011.10.14"]

1. Nf3 Nf6 2. c4 e6 3. Nc3 b6 4. e4 Bb7 5. Bd3 d6 6. Bc2 c5 7. d4 cxd4 8. Nxd4
Nbd7 9. O-O Be7 10. b3 O-O 11. Bb2 a6 12. Qd3 Nc5 13. Qh3 Re8 14. Rae1 g6 15. f4
e5 16. fxe5 dxe5 17. Nf3 Ne6 18. Rd1 Nf4 19. Qg3 Qc7 20. Kh1 N6h5 21. Qe1 Bb4
22. a3 Bd6 23. Qd2 Rad8 24. Nd5 Nxd5 25. cxd5 Rc8 26. Bb1 Qe7 27. Qe3 Bc5 28.
Qh6 f6 29. b4 Bd6 30. Qe3 b5 31. Nd2 Rc7 32. Nb3 Nf4 33. Qb6 Rec8 34. Na5 Ne2
35. Nxb7 Rxb7 36. Qxa6 Rcb8 37. Bd3 Nd4 38. Bxd4 exd4 39. Rc1 Kg7 40. Rc6 Ra7
41. Rxd6 Rxa6 42. Rxa6 Rf8 43. Re6 Qa7 44. Ra1 Rc8 45. Rc6 Rxc6 46. dxc6 Qa6 47.
a4 Qxc6 48. axb5 Qc3 49. Rd1 Qb3 50. Be2 Qxb4 51. h3 h5 52. Kh2 Kh6 53. Bd3 Qb3
54. Be2 g5 55. Kh1 Kg6 56. Bf3 Qxb5 57. Rxd4 g4 58. hxg4 hxg4 59. Bxg4 Qf1+ 60.
Kh2 Qf4+ 61. Kh1 Qxg4 62. Rd3 Qxe4 63. Rf3 Kg5 64. Rh3 f5 65. Rg3+ Kf4 66. Rh3
Kg4 67. Kh2 f4 68. Rb3 Qe2 69. Rh3 Qd1 70. Ra3 Qf1 71. Rh3 Kf5 72. Ra3 Qe1 73.
Rh3 Ke4 74. Rf3 Qe2 75. Rh3 Kd4 76. Ra3 Qe3 77. Ra4+ Ke5 78. Ra5+ Kf6 79. Ra8
Kg7 80. Ra4 Kf7 81. Ra2 Ke7 82. Rc2 Kd6 83. Ra2 Qg3+ 84. Kh1 Ke5 85. Ra5+ Kf6
86. Ra6+ Kf5 87. Ra5+ Kg4 88. Ra4 Qb3 89. Ra7 Kg3 90. Ra1 Qb2 0-1

[Event "Chigorin Memorial Open"]
[Site "St Petersburg RUS"]
[Date "2011.10.15"]
[Round "2.45"]
[White "Krylov, Mikhail"]
[Black "Guzenko, Artem"]
[Result "1-0"]
[WhiteTitle "IM"]
[WhiteElo "2471"]
[BlackElo "2216"]
[WhiteFideId "4151364"]
[BlackFideId "24144460"]
[EventDate "2011.10.14"]

1. d4 Nf6 2. c4 g6 3. Nc3 Bg7 4. e4 d6 5. f3 O-O 6. Be3 b6 7. Qd2 c5 8. Nge2 Nc6
9. d5 Na5 10. Nc1 a6 11. Rb1 b5 12. cxb5 axb5 13. Bxb5 Ne8 14. O-O Nc7 15. Be2
Ba6 16. b3 Qd7 17. Bh6 Bxh6 18. Qxh6 Nb5 19. Bxb5 Bxb5 20. Re1 f6 21. f4 Nb7 22.
Re3 Nd8 23. a4 Ba6 24. Qh4 Rb8 25. Qf2 Nf7 26. Rh3 g5 27. N1e2 Rb4 28. Qf3 Bxe2
29. Nxe2 gxf4 30. Nxf4 Ne5 31. Qh5 e6 32. dxe6 Qb7 33. Nd5 1-0

[Event "Chigorin Memorial Open"]
[Site "St Petersburg RUS"]
[Date "2011.10.15"]
[Round "2.46"]
[White "Alekseenko, Kirill"]
[Black "Gladyszev, Oleg"]
[Result "1-0"]
[WhiteTitle "FM"]
[BlackTitle "IM"]
[WhiteElo "2303"]
[BlackElo "2463"]
[WhiteFideId "4135539"]
[BlackFideId "4118642"]
[EventDate "2011.10.14"]

1. e4 c5 2. Nf3 Nc6 3. d4 cxd4 4. Nxd4 Nf6 5. Nc3 e5 6. Ndb5 d6 7. Bg5 a6 8. Na3
b5 9. Nd5 Be7 10. Bxf6 Bxf6 11. c4 b4 12. Nc2 O-O 13. g3 a5 14. Bg2 Bg5 15. O-O
Be6 16. h4 Bh6 17. Kh2 g6 18. Qd3 Rb8 19. Rad1 Bg7 20. Nde3 Qb6 21. b3 Rbd8 22.
Bh3 Nb8 23. h5 Na6 24. hxg6 hxg6 25. Bxe6 fxe6 26. Ng4 Nc5 27. Qe3 Qb7 28. f3
Kf7 29. Kg2 Rh8 30. Ne1 Qe7 31. Nd3 g5 32. Rh1 Rxh1 33. Rxh1 Nxd3 34. Qxd3 Qa7
35. Qd2 Kg6 36. Qe2 Qc5 37. Nf2 Rh8 38. Rd1 Bf6 39. Nd3 Qa7 40. Nf2 Qc5 41. Qd2
Be7 42. Nd3 Qd4 43. Qe2 Qc3 44. Nb2 g4 45. fxg4 Bg5 46. Rxd6 Qc1 47. Rd1 Qe3 48.
Qxe3 Bxe3 49. Nd3 Bd4 50. Ne1 a4 51. Nf3 axb3 52. axb3 Bc3 53. Rd7 Ra8 54. g5
Ra3 55. Kh3 Kh5 56. Rg7 1-0

[Event "Chigorin Memorial Open"]
[Site "St Petersburg RUS"]
[Date "2011.10.15"]
[Round "2.47"]
[White "Prikhodko, Anton"]
[Black "Predke, Alexandr"]
[Result "1-0"]
[WhiteElo "2214"]
[BlackElo "2461"]
[WhiteFideId "24115150"]
[BlackFideId "24107581"]
[EventDate "2011.10.14"]

1. e4 e5 2. Nf3 Nc6 3. Bb5 f5 4. Nc3 fxe4 5. Nxe4 Nf6 6. Qe2 d5 7. Nxe5 dxe4 8.
Qc4 Qd6 9. Nf7 Qd5 10. Nxh8 Be6 11. Qxd5 Bxd5 12. d4 exd3 13. Bxd3 Ne5 14. Bb5+
c6 15. Be2 Bc5 16. Bf4 Ned7 17. c4 Be6 18. O-O-O O-O-O 19. Ng6 hxg6 20. f3 a6
21. Bd6 Ba7 22. Kb1 b5 23. cxb5 axb5 24. a4 Bf5+ 25. Ka1 Re8 26. Bf1 Kb7 27.
axb5 Bc5 28. Bd3 Ra8+ 29. Kb1 Be6 30. Bxc5 Nxc5 31. bxc6+ Kxc6 32. Rhe1 Ba2+ 33.
Kc1 Nb3+ 34. Kc2 Rc8 35. Bxg6 Nd5 36. Bf5 Rc7 37. Kd3 1-0

[Event "Chigorin Memorial Open"]
[Site "St Petersburg RUS"]
[Date "2011.10.15"]
[Round "2.48"]
[White "Mozharov, Mikhail"]
[Black "Kobzar, Alexandr"]
[Result "1-0"]
[WhiteTitle "IM"]
[WhiteElo "2459"]
[BlackElo "2197"]
[WhiteFideId "4189825"]
[BlackFideId "14113660"]
[EventDate "2011.10.14"]

1. c4 Nf6 2. Nc3 g6 3. g3 Bg7 4. Bg2 O-O 5. e4 d6 6. Nge2 c5 7. d3 Nc6 8. O-O
Rb8 9. h3 a6 10. a4 Ne8 11. f4 Nc7 12. Be3 Ne6 13. f5 Ned4 14. Bg5 h6 15. Be3
gxf5 16. Nf4 fxe4 17. Nh5 Nf5 18. Bc1 Bd4+ 19. Kh1 e3 20. Nd5 e6 21. Rxf5 exd5
22. Rf4 dxc4 23. dxc4 Qg5 24. Ra3 Re8 25. Qe2 Be6 26. Bxe3 Bxc4 27. Qd1 Ne5 28.
Rxd4 1-0

[Event "Chigorin Memorial Open"]
[Site "St Petersburg RUS"]
[Date "2011.10.15"]
[Round "2.49"]
[White "Irinchinov, Vladimir"]
[Black "Kovalev, Vladislav"]
[Result "0-1"]
[BlackTitle "FM"]
[WhiteElo "2050"]
[BlackElo "2452"]
[WhiteFideId "24116165"]
[BlackFideId "13504398"]
[EventDate "2011.10.14"]

1. e4 e5 2. Nf3 Nc6 3. Bb5 a6 4. Ba4 Nf6 5. O-O Be7 6. Re1 b5 7. Bb3 d6 8. c3
O-O 9. h3 Nd7 10. Bd5 Bb7 11. d4 Nb6 12. dxe5 dxe5 13. Bxc6 Qxd1 14. Rxd1 Bxc6
15. Nxe5 Bxe4 16. Re1 Bb7 17. Ng6 hxg6 18. Rxe7 Rfe8 19. Rxe8+ Rxe8 20. Kf1 Be4
21. Nd2 Bd3+ 22. Kg1 Re1+ 23. Kh2 Na4 24. Kg3 c5 25. Nf3 Rd1 26. a3 c4 27. Kf4
Nc5 28. Nd2 Bc2 29. Ke3 Nd3 30. Nf3 Nxc1 31. Nd4 Rd3+ 32. Kf4 Nb3 33. Nxb3 Bxb3
34. Re1 0-1

[Event "Chigorin Memorial Open"]
[Site "St Petersburg RUS"]
[Date "2011.10.15"]
[Round "2.50"]
[White "Smirnov, Artem"]
[Black "Nedostup, Daniil"]
[Result "1-0"]
[WhiteTitle "IM"]
[WhiteElo "2444"]
[BlackElo "2075"]
[WhiteFideId "4143256"]
[BlackFideId "24121576"]
[EventDate "2011.10.14"]

1. c4 g6 2. e4 Bg7 3. d4 d6 4. Nc3 Nf6 5. Nge2 Nbd7 6. Be3 Ng4 7. Bg5 h6 8. Bd2
c5 9. d5 Nde5 10. Ng3 h5 11. Be2 h4 12. Nf1 h3 13. g3 Nf6 14. Ne3 Qd7 15. f3 Rb8
16. a3 Bh6 17. O-O O-O 18. b4 b6 19. Rb1 Bxe3+ 20. Bxe3 Ba6 21. b5 Bc8 22. Qd2
Ne8 23. f4 Ng4 24. f5 Ne5 25. Bf4 Ng7 26. Bxe5 dxe5 27. Bg4 Qd6 28. Bxh3 Bd7 29.
Qh6 gxf5 30. Qxd6 exd6 31. exf5 Ne8 32. Ne4 f6 33. Bg4 Kf7 34. Bh5+ Ke7 35. Bg6
Nc7 36. g4 a6 37. a4 axb5 38. axb5 Ne8 39. h4 Ra8 40. Ra1 Nc7 41. h5 Nxd5 42.
cxd5 Bxb5 43. Rfe1 Bd3 44. Nf2 Bc4 45. h6 Bxd5 46. Rxa8 Rxa8 47. Rb1 c4 48. Nd1
Be4 49. Rxb6 Ra1 50. h7 Rxd1+ 51. Kf2 Rh1 52. Bh5 Rh2+ 53. Kg3 1-0

[Event "Chigorin Memorial Open"]
[Site "St Petersburg RUS"]
[Date "2011.10.15"]
[Round "2.51"]
[White "Klepikov, Nikita"]
[Black "Eliseev, Urii"]
[Result "0-1"]
[WhiteElo "1992"]
[BlackElo "2441"]
[WhiteFideId "24145220"]
[BlackFideId "24131920"]
[EventDate "2011.10.14"]

1. e4 c5 2. Nf3 d6 3. d4 cxd4 4. Nxd4 Nf6 5. Nc3 a6 6. Be2 e5 7. Nb3 Be7 8. O-O
O-O 9. Re1 Be6 10. Bf3 Nc6 11. Nd5 Bxd5 12. exd5 Na5 13. Bd2 Nxb3 14. axb3 Nd7
15. c4 f5 16. Qc2 Bg5 17. Ra3 Rc8 18. Qc1 h6 19. h3 e4 20. Be2 Ne5 21. Bxg5 hxg5
22. Qe3 Qf6 23. Rf1 Rce8 24. b4 Qg6 25. Qb6 f4 26. f3 exf3 27. gxf3 g4 28. fxg4
f3 29. Bxf3 Nxc4 30. Qd4 Nxa3 31. bxa3 Qc2 32. g5 Re5 33. Qg4 Ref5 34. h4 Rf4
35. Qg3 Qd3 36. Kg2 Qxf1+ 0-1

[Event "Chigorin Memorial Open"]
[Site "St Petersburg RUS"]
[Date "2011.10.15"]
[Round "2.53"]
[White "Kanakin, Konstantin"]
[Black "Stukopin, Andrey"]
[Result "0-1"]
[BlackTitle "IM"]
[WhiteElo "1944"]
[BlackElo "2438"]
[WhiteFideId "4186699"]
[BlackFideId "24107131"]
[EventDate "2011.10.14"]

1. d4 c5 2. d5 d6 3. e4 g6 4. Nc3 Bg7 5. a4 Nf6 6. Bb5+ Nbd7 7. f4 a6 8. Bd3 O-O
9. Nf3 Rb8 10. O-O b5 11. axb5 axb5 12. Bxb5 Nxe4 13. Nxe4 Rxb5 14. Qe2 Rb7 15.
c3 Nf6 16. Nxf6+ Bxf6 17. Ng5 Bd7 18. Ne4 Bg7 19. Qf3 Qb6 20. Qg3 Bf5 21. Qf3
Bd7 22. Qg3 Qb3 23. Qf3 f5 24. Nd2 Qc2 25. Re1 Bf6 26. Nf1 Rbb8 27. Ne3 Qb3 28.
Ra7 Rfd8 29. Qe2 Ra8 30. Qa6 Qb8 31. Rxa8 Qxa8 32. Qc4 Rb8 33. b4 Rc8 34. Qd3
cxb4 35. cxb4 Qa4 36. Bd2 Bb5 37. Qb1 Qa3 38. Qd1 Qd3 39. Bc1 Bc3 40. Qxd3 Bxd3
41. Rd1 Be2 42. Rd2 Bxd2 43. Bxd2 Kf7 44. Kf2 Bd3 45. Nd1 Rb8 46. g3 Be4 47. Ne3
Rb5 0-1

[Event "Chigorin Memorial Open"]
[Site "St Petersburg RUS"]
[Date "2011.10.15"]
[Round "2.55"]
[White "Donskov, Anatoly"]
[Black "Kurnosov, Igor"]
[Result "1/2-1/2"]
[BlackTitle "GM"]
[WhiteElo "2286"]
[BlackElo "2648"]
[WhiteFideId "24143413"]
[BlackFideId "4142527"]
[EventDate "2011.10.14"]

1. e4 c5 2. Nf3 d6 3. d4 cxd4 4. Nxd4 Nf6 5. Nc3 e6 6. Be2 Be7 7. O-O Nc6 8. Be3
O-O 9. Kh1 a6 10. a4 Qc7 11. f4 Na5 12. Qd3 e5 13. Nf5 Bxf5 14. exf5 Rfd8 15. g4
d5 16. fxe5 d4 17. exf6 dxe3 18. Nd5 Rxd5 19. Qxd5 Bxf6 20. Qe4 Qb6 21. Rad1 Nc6
22. Rf3 Bg5 23. h4 Bxh4 24. Rxe3 h6 25. Rd7 Rd8 26. Rxf7 Bg5 27. Rb3 Qf2 28.
Rbxb7 Rd1+ 29. Bxd1 Qf1+ 30. Kh2 Bf4+ 31. Qxf4 Qxf4+ 32. Kg2 Qd2+ 33. Kg3 Qe1+
34. Kg2 Qd2+ 35. Kg3 Qe1+ 36. Kg2 Qxd1 37. Rxg7+ Kf8 38. Rbf7+ Ke8 39. Rc7 Kf8
40. Rcf7+ Ke8 41. Rc7 Kf8 42. Rcf7+ Ke8 43. Rc7 Kf8 1/2-1/2

[Event "Chigorin Memorial Open"]
[Site "St Petersburg RUS"]
[Date "2011.10.15"]
[Round "2.56"]
[White "Khairullin, Ildar"]
[Black "Tsydypov, Zhamsaran"]
[Result "1-0"]
[WhiteTitle "GM"]
[WhiteElo "2642"]
[BlackElo "2288"]
[WhiteFideId "4151348"]
[BlackFideId "4108566"]
[EventDate "2011.10.14"]

1. d4 Nf6 2. c4 g6 3. Nc3 Bg7 4. e4 d6 5. f3 O-O 6. Be3 Nc6 7. Qd2 a6 8. Nge2
Rb8 9. Rc1 Bd7 10. Nd1 e5 11. d5 Ne7 12. Nf2 c5 13. b4 b6 14. g3 cxb4 15. Qxb4
Qc7 16. Nc3 Be8 17. Qa3 Nd7 18. Qxa6 Nc5 19. Qa3 f5 20. Be2 f4 21. Bd2 Bd7 22.
Nb5 Bxb5 23. cxb5 Ra8 24. Qb2 Qa7 25. Rc2 Nf5 26. exf5 e4 27. Qc1 e3 28. Bxe3
fxe3 29. Qxe3 Rae8 30. Qd2 Rxf5 31. O-O Qe7 32. f4 Qf7 33. Rd1 Kh8 34. Bg4 Rf6
35. h4 h6 36. Kg2 Qb7 37. Bf3 Qd7 38. Rb1 Rff8 39. Nd3 Ne4 40. Bxe4 Rxe4 41. Nf2
Rd4 42. Qe2 Re8 43. Qf3 Qf5 44. Rbc1 Rxd5 45. Rc8 Rxc8 46. Rxc8+ Kh7 47. g4 Qe6
48. Re8 Qf7 49. Re7 Qg8 50. h5 1-0

[Event "Chigorin Memorial Open"]
[Site "St Petersburg RUS"]
[Date "2011.10.15"]
[Round "2.57"]
[White "Matlakov, Maxim"]
[Black "Chigaev, Maksim"]
[Result "1/2-1/2"]
[WhiteTitle "GM"]
[WhiteElo "2630"]
[BlackElo "2289"]
[WhiteFideId "4168003"]
[BlackFideId "4108116"]
[EventDate "2011.10.14"]

1. c4 g6 2. d4 Bg7 3. Nf3 Nf6 4. g3 O-O 5. Bg2 d6 6. O-O Nc6 7. Nc3 a6 8. h3 Bd7
9. Be3 Rb8 10. Rc1 Re8 11. Nd2 e5 12. dxe5 Nxe5 13. Nd5 Nxd5 14. cxd5 c5 15.
dxc6 Bxc6 16. Qb3 Qd7 17. Bd4 Rbc8 18. e3 b5 19. Rfd1 Bxg2 20. Kxg2 Qb7+ 21. Kg1
Rxc1 22. Rxc1 Rc8 23. Rc3 Qd7 24. Kg2 Qb7+ 25. f3 Rxc3 26. Qxc3 f5 27. Kf2 b4
28. Qb3+ Qf7 29. Qxf7+ Kxf7 30. Ke2 d5 31. b3 Nc6 32. Bxg7 Kxg7 33. Kd3 Kf6 34.
f4 g5 35. g4 h6 36. Nf3 a5 37. Nd4 fxg4 38. hxg4 Ne7 39. Ke2 Ng6 40. Kf3 Ne7 41.
Kg3 Nc8 42. Nb5 Ke6 43. Kf3 Ne7 44. Nd4+ Kf6 45. Kg2 Ng6 46. Kg3 Ne7 47. Kf3 Kf7
48. Ke2 Kf6 49. Kd3 Ng6 50. Ne2 Ke7 51. Kd2 Kf6 52. Kd3 Ke7 53. Kd4 Kd6 54. Ng3 1/2-1/2

[Event "Chigorin Memorial Open"]
[Site "St Petersburg RUS"]
[Date "2011.10.15"]
[Round "2.58"]
[White "Vunder, Yakov"]
[Black "Savchenko, Boris"]
[Result "0-1"]
[BlackTitle "GM"]
[WhiteElo "2221"]
[BlackElo "2630"]
[WhiteFideId "4161955"]
[BlackFideId "4147332"]
[EventDate "2011.10.14"]

1. Nf3 d5 2. d4 c6 3. e3 Bg4 4. c4 e6 5. Nc3 Nd7 6. Be2 Ngf6 7. O-O Bd6 8. b3
O-O 9. Bb2 Qb8 10. Qc2 Rc8 11. Rac1 b5 12. cxd5 cxd5 13. Qd3 a6 14. Nh4 b4 15.
Na4 Bxh2+ 16. Kh1 Rxc1 17. Bxc1 Bxe2 18. Qxe2 Ne4 19. Nf3 Bd6 20. Bd2 Qb5 21.
Re1 Rc8 22. Kg1 Rc2 23. Qd1 Qd3 24. Bc1 Nxf2 25. Nb2 0-1

[Event "Chigorin Memorial Open"]
[Site "St Petersburg RUS"]
[Date "2011.10.15"]
[Round "2.60"]
[White "Vorobjev, Dmitry"]
[Black "Maletin, Pavel"]
[Result "0-1"]
[BlackTitle "GM"]
[WhiteElo "2214"]
[BlackElo "2579"]
[WhiteFideId "24112178"]
[BlackFideId "4146786"]
[EventDate "2011.10.14"]

1. e4 c5 2. Nf3 e6 3. d4 cxd4 4. Nxd4 a6 5. c4 Nf6 6. Nc3 Qc7 7. a3 b6 8. Be2
Bb7 9. f3 Be7 10. Be3 O-O 11. O-O d6 12. Qd2 Nbd7 13. Rfc1 Rfc8 14. a4 Rab8 15.
b4 Ne5 16. Nb3 Qd8 17. Nd1 Bc6 18. b5 axb5 19. cxb5 Be8 20. Rxc8 Qxc8 21. Rc1
Qd8 22. Nf2 Ra8 23. a5 bxa5 24. b6 a4 25. Na5 Qb8 26. f4 Ng6 27. e5 Nd5 28. b7
Rxa5 29. Rc8 Qxb7 30. Rxe8+ Bf8 31. Qxa5 Nxe3 32. Bf1 Nxf1 33. Kxf1 Qb1+ 34. Ke2
Qb2+ 35. Kf1 Qb1+ 36. Ke2 Qa2+ 37. Ke1 dxe5 38. fxe5 a3 39. Ra8 h6 40. h3 Kh7
41. Qd2 Qa1+ 42. Nd1 Qxe5+ 43. Qe3 Bb4+ 44. Kf1 Qd5 45. Qf3 Qd2 46. Qe2 Qd4 47.
Qc2 f5 48. Nf2 Nf4 49. g3 Qd5 0-1

[Event "Chigorin Memorial Open"]
[Site "St Petersburg RUS"]
[Date "2011.10.15"]
[Round "2.62"]
[White "Yakovich, Yuri"]
[Black "Valov, Ilya"]
[Result "1-0"]
[WhiteTitle "GM"]
[BlackTitle "FM"]
[WhiteElo "2549"]
[BlackElo "2234"]
[WhiteFideId "4100654"]
[BlackFideId "4199251"]
[EventDate "2011.10.14"]

1. d4 Nf6 2. c4 c5 3. Nf3 g6 4. Nc3 Bg7 5. e4 cxd4 6. Nxd4 d6 7. Be2 O-O 8. O-O
Nc6 9. Be3 Bd7 10. Qd2 Nxd4 11. Bxd4 Bc6 12. f3 a6 13. b4 Ne8 14. Rfd1 Bxd4+ 15.
Qxd4 Ng7 16. Kh1 Ne6 17. Qe3 Qb8 18. b5 Be8 19. Nd5 Qd8 20. e5 Nc7 21. Nb6 axb5
22. Nxa8 Qxa8 23. exd6 exd6 24. Qb6 Ne6 25. cxb5 1-0

[Event "Chigorin Memorial Open"]
[Site "St Petersburg RUS"]
[Date "2011.10.15"]
[Round "2.63"]
[White "Epishin, Vladimir"]
[Black "Butuc, Maria"]
[Result "1/2-1/2"]
[WhiteTitle "GM"]
[BlackTitle "WIM"]
[WhiteElo "2544"]
[BlackElo "2183"]
[WhiteFideId "4162714"]
[BlackFideId "13902911"]
[EventDate "2011.10.14"]

1. d4 d5 2. c4 c6 3. e3 Nf6 4. Nc3 a6 5. Nf3 b5 6. b3 Bg4 7. Be2 e6 8. h3 Bf5 9.
O-O Nbd7 10. Bb2 Bd6 11. Rc1 O-O 12. Nh4 Ne4 13. Nxf5 exf5 14. cxd5 Nxc3 15.
Bxc3 cxd5 16. Bd3 g6 17. Qd2 Nf6 18. Bb4 Qd7 19. Rc2 Rfc8 20. Rfc1 Rxc2 21. Rxc2
Kg7 22. Bxd6 Qxd6 23. Qc1 f4 24. Rc6 Qb4 25. Kh2 fxe3 26. Qxe3 Re8 27. Qf4 Nh5
28. Qf3 Qxd4 29. Rxa6 b4 30. a4 Nf4 31. Bb5 Rc8 32. Qe3 Qxe3 33. fxe3 Ne6 34.
Rc6 Rd8 35. Rb6 Nc5 36. Be2 Re8 37. Bf3 Nxb3 38. Bxd5 Nc5 39. Rxb4 Rxe3 40. Rc4
Nd7 41. Re4 Ra3 42. Re7 Nb6 43. Rxf7+ Kh6 44. Bc6 Ra2 45. Rf4 Kg5 46. Rb4 Nc8
47. Bd7 Nd6 48. Rd4 Nf5 49. Rd5 Kf4 50. Bxf5 gxf5 51. Ra5 h5 52. Ra8 h4 53. a5
Ke3 54. a6 Kf2 55. Rf8 Rxa6 56. Rxf5+ Ke3 57. Re5+ Kf2 58. Re4 Rh6 59. Rg4 Rh5
60. Rg8 Ra5 61. Rg4 Rh5 62. Ra4 Rh6 63. Ra3 Rf6 64. Ra2+ Ke3 65. Kg1 Rf4 66. Ra5
Rb4 1/2-1/2

[Event "Chigorin Memorial Open"]
[Site "St Petersburg RUS"]
[Date "2011.10.15"]
[Round "2.66"]
[White "Tkachev, Ivan"]
[Black "Kalegin, Evgenij"]
[Result "1/2-1/2"]
[BlackTitle "IM"]
[WhiteElo "2074"]
[BlackElo "2467"]
[WhiteFideId "4186885"]
[BlackFideId "4103416"]
[EventDate "2011.10.14"]

1. d4 Nf6 2. c4 c5 3. d5 e5 4. g3 d6 5. Bg2 g6 6. e4 Bg7 7. Nc3 O-O 8. h3 Na6 9.
Be3 Bd7 10. Qd2 Rb8 11. Nb5 Bxb5 12. cxb5 Nc7 13. a4 b6 14. Ne2 a6 15. Nc3 Qd7
16. Qd3 Ra8 17. O-O Rfb8 18. Kh2 axb5 19. axb5 Ra5 20. b4 cxb4 21. Na4 Qxb5 22.
Qxb5 Nxb5 23. Bxb6 Rxa4 24. Rxa4 b3 25. Rb4 Nd4 26. Bc5 Rxb4 27. Bxb4 Nd7 28.
Rb1 Nc5 29. Bxc5 dxc5 30. Bf1 Nf3+ 31. Kg2 Nd2 32. Rb2 c4 33. Bxc4 Nxc4 34. Rxb3
f5 35. Rb4 Nd6 36. f3 Bf8 37. Ra4 Kf7 38. f4 Kf6 39. Ra8 Bh6 40. fxe5+ Kxe5 41.
exf5 Nxf5 42. Ra7 Ne3+ 43. Kf3 Nxd5 44. Rxh7 Bc1 45. h4 g5 46. Rg7 gxh4 47. gxh4
Nf6 48. Rg1 Bd2 49. Rd1 Bh6 1/2-1/2

[Event "Chigorin Memorial Open"]
[Site "St Petersburg RUS"]
[Date "2011.10.15"]
[Round "2.67"]
[White "Airapetian, Gor"]
[Black "Basencyan, Mark"]
[Result "1/2-1/2"]
[WhiteTitle "IM"]
[WhiteElo "2463"]
[BlackElo "2135"]
[WhiteFideId "4177916"]
[BlackFideId "13300725"]
[EventDate "2011.10.14"]

1. d4 Nf6 2. c4 d6 3. Nf3 Nbd7 4. Nc3 e5 5. e4 Be7 6. Be2 O-O 7. O-O c6 8. Qc2
Qc7 9. h3 Re8 10. Be3 Nf8 11. Rad1 h6 12. d5 a6 13. dxc6 bxc6 14. c5 dxc5 15.
Bc4 Be6 16. Na4 Bxc4 17. Qxc4 Ne6 18. Nd2 Qa5 19. b3 Qb5 20. Rc1 Qxc4 21. Rxc4
Red8 22. Rfc1 Rab8 23. Nf1 Nd7 24. Rd1 Nd4 25. Bxd4 exd4 26. f4 f6 27. Kf2 Bd6
28. g3 g5 29. Kf3 Kf7 30. Nb2 a5 31. Ra4 Bc7 32. Nd2 Rb4 33. Rc1 Ke6 34. Ndc4 h5
35. Ra3 Rb5 36. Nd3 gxf4 37. gxf4 Rg8 38. Nf2 Ke7 39. Ra4 Ke6 40. Ra3 Rg7 41.
Ra4 Kf7 42. Ra3 1/2-1/2

[Event "Chigorin Memorial Open"]
[Site "St Petersburg RUS"]
[Date "2011.10.15"]
[Round "2.68"]
[White "Nozdrachev, Vladislav"]
[Black "Yakovlev, Yuri S."]
[Result "1-0"]
[WhiteTitle "FM"]
[WhiteElo "2463"]
[BlackElo "2029"]
[WhiteFideId "24113441"]
[BlackFideId "4173929"]
[EventDate "2011.10.14"]

1. e4 c5 2. Nf3 e6 3. d4 cxd4 4. Nxd4 a6 5. c4 Qc7 6. Nc3 b6 7. Be2 Bb7 8. O-O
Nf6 9. f3 Bd6 10. Kh1 Bxh2 11. f4 Bg3 12. Qd3 Bh4 13. Qh3 Be1 14. Rxe1 Nxe4 15.
Nxe4 Bxe4 16. Bh5 Qb7 17. Nxe6 g6 18. Ng5 1-0

[Event "Chigorin Memorial Open"]
[Site "St Petersburg RUS"]
[Date "2011.10.15"]
[Round "2.69"]
[White "Mitiushkin, Marat"]
[Black "Kopylov, Alexander A."]
[Result "0-1"]
[BlackTitle "IM"]
[WhiteElo "1995"]
[BlackElo "2444"]
[WhiteFideId "4141849"]
[BlackFideId "4164857"]
[EventDate "2011.10.14"]

1. d4 Nf6 2. c4 e6 3. Nf3 b6 4. g3 Ba6 5. Qc2 c5 6. Bg2 Bb7 7. O-O cxd4 8. Nxd4
Bxg2 9. Kxg2 a6 10. Rd1 Be7 11. Nc3 Qc7 12. b3 O-O 13. Bb2 d6 14. Rac1 Nbd7 15.
Kg1 Rac8 16. Qd2 Qb7 17. Qe1 Ne5 18. Qf1 Rc7 19. Qg2 Qc8 20. e4 Nfd7 21. h3 Nc5
22. Ba1 Bf6 23. Nde2 Rd8 24. Rc2 Qb8 25. Rcd2 Rcc8 26. Nd4 Qc7 27. Kh2 h5 28. f4
Nc6 29. Nce2 Nxd4 30. Nxd4 Qb7 31. Re2 b5 32. cxb5 axb5 33. e5 dxe5 34. fxe5 Be7
35. b4 Qxg2+ 36. Kxg2 Na4 37. a3 h4 38. gxh4 Bxh4 39. Red2 Bg5 40. Rd3 Rd5 41.
Nf3 Rc2+ 42. Kg3 Rxd3 43. Rxd3 Bc1 44. Rd8+ Kh7 45. Bd4 Bxa3 46. Rb8 Bxb4 47.
Rxb5 Bc5 48. Rb7 Bxd4 49. Nxd4 Rc3+ 50. Kg2 Kg6 51. Nf3 Nc5 52. Ra7 Rd3 53. Rc7
Nd7 54. Rc4 Rxf3 0-1

[Event "Chigorin Memorial Open"]
[Site "St Petersburg RUS"]
[Date "2011.10.15"]
[Round "2.70"]
[White "Arslanov, Shamil"]
[Black "Aseev, Vladimir"]
[Result "1-0"]
[WhiteTitle "IM"]
[WhiteElo "2413"]
[BlackElo "2104"]
[WhiteFideId "4192826"]
[BlackFideId "24121371"]
[EventDate "2011.10.14"]

1. e4 c6 2. d4 d5 3. exd5 cxd5 4. c4 Nf6 5. Nc3 Nc6 6. Bg5 Be6 7. a3 h6 8. Bxf6
exf6 9. g3 Na5 10. c5 Be7 11. b4 Nc6 12. Bg2 O-O 13. Nge2 f5 14. Qb3 Bf6 15. Rd1
f4 16. gxf4 Qd7 17. Bxd5 Bh3 18. Ne4 Bh4 19. Nd6 Rae8 20. Nxe8 Rxe8 21. Rd2 Bg4
22. Bxc6 Qxc6 23. Rg1 h5 24. d5 Qb5 25. Rxg4 hxg4 26. d6 Qc6 27. Qd5 Qa6 28. d7
Rd8 29. Rd3 Bf6 30. Kd2 Qa4 31. Qxb7 a5 32. c6 axb4 33. c7 Bc3+ 34. Nxc3 bxc3+
35. Ke2 Qc2+ 36. Ke1 Rf8 37. d8=Q 1-0